01121 2200241 4500001002100000005001500021035002000036008004100056245002900097100002000126260003800146300004400184084001400228520052900242082000800771650002400779650001100803020001800814250001400832990001100846990001100857990001100868INLIS00000000000408020251212114407 a0010-0621003680251212 g 0 ind 1 aMembuat Aneka Herbal Tea1 aHambali, Erliza aJakarta :bPenebar Swadaya,c2006 a116 hlm. :bIlustrasi [Warna] ;c23 cm. a663 HAM m aPenambahan herbal ke dalam teh merupakan salah satu terobosan baru. Teh herbal dapat digunakan untuk mencegah dan mengobati beberapa penyakit seperti asam urat, rematik diabetes, flu, menurunkan kolesterol, berat badan dan meningkatkan nafsu makan. Lima belas formula herbal tea : = teh ceremai = teh mahkota dewa = teh salam = teh seledri = teh jahe = teh pegagan jeruk = teh belimbing wuluh = teh pegagan kayu manis = teh mahkota dewa plus = teh dewa = teh salam plus = teh bangle = teh kemangi = teh pala = teh kayu manis a663 4aMakanan dan Minuman 4aHerbal a979-489-958-5 aCetakan 1 a031543 a031556 a031545